00253nam a22000977a 4500100002600000245002000026260005500046300000700101500001600108650003100124 aWijesundara,K.G.A.V.K aTraining Manual aRajagiriya bInstitute of Chemistry Ceylon c 2022 a80 aDLT Reports aTraining Manual|Laboratory